| 000 -ლიდერი |
| ფიქსირებული სიგრძის საკონტროლო ველი |
00963nam a2200241Ia 4500 |
| 001 - საკონტროლო ნომერი |
| საკონტროლო ველი |
4309 |
| 003 - საკონტროლო ნომრის იდენტიფიკატორი |
| საკონტროლო ველი |
GE_BSU |
| 005 - ბოლო ოპერაციის თარიღი და დრო |
| საკონტროლო ველი |
20191004160402.0 |
| 008 - ფიქსირებული სიგრძის მონაცემთა ელემენტები - ზოგადი ინფორმაცია |
| ფიქსირებული სიგრძის საკონტროლო ველი |
181216s2002||||ge |||||||||||||| ||geo|| |
| 040 ## - კატალოგიზაციის წყარო |
| Transcribing agency |
GE_BSU |
| 041 ## - ენის კოდი |
| Language code of text/sound track or separate title |
geo |
| 080 ## - უნივერსალური ათობითი კლასიფიკაციის ინდექსი |
| Universal Decimal Classification number |
398(479.22) შ–67 |
| 100 ## - მთავარი ჩანაწერი - პიროვნების სახელი |
| Personal name |
შიოშვილი, თინა |
| 9 (RLIN) |
1855 |
| 245 ## - ცნობა სათაურის შესახებ |
| Title |
ქართული ფოლკლორის ზნეობრივი სამყარო : |
| Remainder of title |
წ. 1 |
| Statement of responsibility, etc |
რედ. ზურაბ კიკნაძე |
| 264 ## - წარმოების, გამოცემის, დისტრიბუციის და სხვა ცნობები |
| გამოცემის, წარმოების, დისტრიბუციის... ადგილი |
ბათუმი : |
| გამოცემის, წარმოების, დისტრიბუციის... სახელწოდება |
აჭარა, |
| გამოცემის, წარმოების, დისტრიბუციის... თარიღი |
2002. |
| 300 ## - ფიზიკური აღწერა |
| Extent |
436 გვ. ; |
| Other physical details |
21 სმ. |
| 504 ## - BIBLIOGRAPHY, ETC. NOTE |
| Bibliography, etc |
ბიბლიოგრ. ტექსტის შენიშვნ. |
| 520 ## - SUMMARY, ETC. |
| Summary, etc |
რეზ. რუს. და ინგლ. ენ. |
| 653 ## - INDEX TERM--UNCONTROLLED |
| Uncontrolled term |
ეთიკა |
| 653 ## - INDEX TERM--UNCONTROLLED |
| Uncontrolled term |
ქართული ფოლკლორი |
| 700 ## - ADDED ENTRY--PERSONAL NAME |
| Personal name |
კიკნაძე, ზურაბ |
| Relator term |
რედაქტორი |
| 9 (RLIN) |
4114 |
| 942 ## - ADDED ENTRY ELEMENTS (KOHA) |
| Koha item type |
წიგნი |
| Source of classification or shelving scheme |
|